000 00353nam a2200121Ia 4500
008 240731s9999 xx 000 0 und d
022 _a1464-5211
245 0 _aInternational Journal of Mathematical Education in Science and Technology
260 _bTaylor & Francis
856 _uhttps://www.tandfonline.com/loi/tmes20
942 _2ddc
942 _cTFEJ
999 _c77163
_d77163
945 _a1
_bMadushi Gamage
_c1
_dMadushi Gamage